Research methodology principles, applications and future directions (Record no. 396802)

MARC details
000 -LEADER
fixed length control field 00735 a2200253 4500
005 - DATE & TIME
control field 20260218122636.0
008 - FIXED-LENGTH DATA ELEMENTS--GENERAL INFORMATION
fixed length control field 260218b |||||||| |||| 00| 0 eng d
020 ## - ISBN
International Standard Book Number 9789393547897
Price Rs. 1895.00
040 ## - CATALOGING SOURCE
Original cataloging agency VIVEKANANDA LIBRARY
082 ## - DDC NUMBER
Classification number 300.72
Book Number J41R
100 ## - MAIN ENTRY--PERSONAL NAME
Personal name Jena, Sudhir Kumar
245 ## - TITLE STATEMENT
Title Research methodology principles, applications and future directions
260 ## - PUBLICATION, DISTRIBUTION, ETC. (IMPRINT)
Name of publisher, distributor, etc Goodwill Publications
Date of publication, distribution, etc 2026
Place of publication, distribution, etc Delhi
300 ## - PHYSICAL DESCRIPTION
Pages x, 276
650 ## - Subject
Subject Research
650 ## - Subject
Subject Interdisciplinary Research
650 ## - Subject
Subject Qualitative Research
650 ## - Subject
Subject Quantitative Research
700 ## - Added Entry Personal Name
Added Entry Personal Name Sahoo, Jayadeba
700 ## - Added Entry Personal Name
Added Entry Personal Name Acharya, Prasanta Kumar
700 ## - Added Entry Personal Name
Added Entry Personal Name Nayak, Sushant Kumar
700 ## - Added Entry Personal Name
Added Entry Personal Name Barik, Prasanta Kumar
942 ## - ADDED ENTRY ELEMENTS (KOHA)
Koha item type Books
Holdings
Withdrawn status Lost status Source of classification or shelving scheme Damaged status Not for loan Location (home branch) Sublocation or collection (holding branch) Shelving location Date acquired Koha issues (times borrowed) Koha full call number Accession No. Koha date last seen Koha item type
    Dewey Decimal Classification     VIVEKANANDA LIBRARY VIVEKANANDA LIBRARY Vivekananda Library 04/02/2026   300.72 J41R 438098 04/02/2026 Books
    Dewey Decimal Classification     VIVEKANANDA LIBRARY VIVEKANANDA LIBRARY Vivekananda Library 04/02/2026 1 300.72 J41R 438097 09/03/2026 Books
© Designed and Maintained by Vivekananda Library, MDU Rohtak